000 00456nam a2200181Ia 4500
001 2292
005 20260306144756.0
008 260306t2018||||xx |||||||||||||| ||spa||
041 _aESP
082 _a616.8552
_bS23
100 _aSánchez Cabeza, Ángel
_eAUT
245 0 _aIntervención neuropsicológica y funcional en apraxias
260 _c2018
300 _a236 páginas :
_c22 cm.
650 _aGEN
654 _aCPS
942 _cLIB
_dJUS
_fJUS
_2ddc
_n
999 _c2292
_d2292